<?xml version="1.0" encoding="UTF-8"?>
<record
    xmlns:xsi="http://www.w3.org/2001/XMLSchema-instance"
    xsi:schemaLocation="http://www.loc.gov/MARC21/slim http://www.loc.gov/standards/marcxml/schema/MARC21slim.xsd"
    xmlns="http://www.loc.gov/MARC21/slim">

  <leader>02300cam a2200301 a 4500</leader>
  <controlfield tag="003">OSt</controlfield>
  <controlfield tag="005">20201006080131.0</controlfield>
  <controlfield tag="008">131119s    2011ag     fr     000 0dspa d</controlfield>
  <datafield tag="020" ind1=" " ind2=" ">
    <subfield code="a">9789871305674</subfield>
  </datafield>
  <datafield tag="040" ind1=" " ind2=" ">
    <subfield code="a">AR-BaFGC</subfield>
    <subfield code="c">CO-JMCR</subfield>
  </datafield>
  <datafield tag="041" ind1="0" ind2=" ">
    <subfield code="a">spa</subfield>
  </datafield>
  <datafield tag="082" ind1="0" ind2="4">
    <subfield code="a">025 /</subfield>
    <subfield code="b">P251o</subfield>
    <subfield code="2">21</subfield>
  </datafield>
  <datafield tag="100" ind1="1" ind2=" ">
    <subfield code="a">Pe&#xF1;a Vera, Tania, </subfield>
    <subfield code="e">autora</subfield>
    <subfield code="9">1652</subfield>
  </datafield>
  <datafield tag="245" ind1="1" ind2="0">
    <subfield code="a">Organizaci&#xF3;n y representaci&#xF3;n del conocimiento : </subfield>
    <subfield code="b">incidencias de las tecnolog&#xED;as de la informaci&#xF3;n y comunicaci&#xF3;n / </subfield>
    <subfield code="c">Tania Pe&#xF1;a Vera</subfield>
  </datafield>
  <datafield tag="250" ind1=" " ind2=" ">
    <subfield code="a">1a. edici&#xF3;n</subfield>
  </datafield>
  <datafield tag="260" ind1=" " ind2=" ">
    <subfield code="a">Buenos Aires : </subfield>
    <subfield code="b">Alfagrama, </subfield>
    <subfield code="c">2011</subfield>
  </datafield>
  <datafield tag="300" ind1=" " ind2=" ">
    <subfield code="a">314 p&#xE1;ginas ; </subfield>
    <subfield code="c">23 cm.</subfield>
  </datafield>
  <datafield tag="490" ind1="0" ind2=" ">
    <subfield code="a">Biblioteca Alfagrama</subfield>
  </datafield>
  <datafield tag="500" ind1=" " ind2=" ">
    <subfield code="a">Incluye datos biogr&#xE1;ficos de la autora.</subfield>
  </datafield>
  <datafield tag="504" ind1=" " ind2=" ">
    <subfield code="a">Bibliograf&#xED;a: p&#xE1;ginas [291]-314</subfield>
  </datafield>
  <datafield tag="505" ind1="0" ind2=" ">
    <subfield code="a">Caracterizaci&#xF3;n del objeto de estudio -- Marco social del problema de investigaci&#xF3;n -- Teor&#xED;as fundamentales que enmarcan el problema de investigaci&#xF3;n -- Relaci&#xF3;n entre el procesamiento t&#xE9;cnico de la informaci&#xF3;n, el an&#xE1;lisis de la informaci&#xF3;n y los procesos de organizaci&#xF3;n y representaci&#xF3;n del conocimiento -- Aplicaci&#xF3;n de las tecnolog&#xED;as de informaci&#xF3;n y comunicaci&#xF3;n en la organizaci&#xF3;n y representaci&#xF3;n del conocimiento -- Metodolog&#xED;a de la investigaci&#xF3;n y la descripci&#xF3;n e interpretaci&#xF3;n de los datos recolectados -- Sistema te&#xF3;rico explicativo sobre la incidencia de las TIC en los procesos de ORC</subfield>
  </datafield>
  <datafield tag="520" ind1="3" ind2=" ">
    <subfield code="a">En aras de utilizar ventajosamente el conocimiento, los esquemas para su tratamiento y comunicaci&#xF3;n han experimentado progresos, los cuales facilitan tales labores, y a la vez, hacen frente a su crecimento paulatino y acelerado. En todo esto, las tecnolog&#xED;as han sido herramientas para viabilizar su manejo y difusi&#xF3;n a gran escala. Sin embargo, la incorporaci&#xF3;n de ellas a los procesos de organizar y representar el conocimiento, tambi&#xE9;n promueve el desarrollo de nuevas din&#xE1;micas de acci&#xF3;n y participaci&#xF3;n, por parte de los profesionales de la informaci&#xF3;n, las unidades/servicios de informaci&#xF3;n y los mismos usuarios.</subfield>
  </datafield>
  <datafield tag="650" ind1="1" ind2="4">
    <subfield code="a">Organizaci&#xF3;n de la informaci&#xF3;n   </subfield>
    <subfield code="9">1653</subfield>
  </datafield>
  <datafield tag="650" ind1="2" ind2="4">
    <subfield code="a">Representaci&#xF3;n del conocimiento (Teor&#xED;a de la informaci&#xF3;n)</subfield>
    <subfield code="9">1654</subfield>
  </datafield>
  <datafield tag="650" ind1="2" ind2="4">
    <subfield code="a">Administraci&#xF3;n del conocimiento</subfield>
    <subfield code="9">1655</subfield>
  </datafield>
  <datafield tag="650" ind1="2" ind2="4">
    <subfield code="a">Tecnolog&#xED;a de la informaci&#xF3;n</subfield>
    <subfield code="9">529</subfield>
  </datafield>
  <datafield tag="942" ind1=" " ind2=" ">
    <subfield code="2">ddc</subfield>
    <subfield code="c">BK</subfield>
  </datafield>
  <datafield tag="999" ind1=" " ind2=" ">
    <subfield code="c">6655</subfield>
    <subfield code="d">6655</subfield>
  </datafield>
  <datafield tag="952" ind1=" " ind2=" ">
    <subfield code="0">0</subfield>
    <subfield code="1">0</subfield>
    <subfield code="2">ddc</subfield>
    <subfield code="4">0</subfield>
    <subfield code="7">0</subfield>
    <subfield code="8">NFIC</subfield>
    <subfield code="a">CPL</subfield>
    <subfield code="b">CPL</subfield>
    <subfield code="d">2019-12-19</subfield>
    <subfield code="e">Donaci&#xF3;n</subfield>
    <subfield code="g">0.00</subfield>
    <subfield code="o">025 / P251o</subfield>
    <subfield code="p">430000934</subfield>
    <subfield code="r">2024-05-16 00:00:00</subfield>
    <subfield code="t">Ej.1</subfield>
    <subfield code="w">2020-03-18</subfield>
    <subfield code="y">BK</subfield>
  </datafield>
</record>
